00294nam a2200121Ia 4500008004100000041000800041082001400049100001700063245002400080260004400104300001100148650001300159230724s2008 xx 000 0 und d aeng a364.3/MAL aMallick M.R. aCriminal Minor Acts aNew DelhibProfessional Book Pub.c2008 a1588p. aBARE ACT